00858nam a22002537a 4500003000400000005001700004008004100021010001300062020002700075035002300102037001600125040001500141082001700156100002200173245013100195246000600326260005500332270003300387300002700420500006100447650002800508650004500536700002300581dpl20180821123204.0180821b xxu||||| |||| 00| 0 eng d aB-168515 c1100.00a9781563086489 aB-168515, B-168521 bCen Lib/Ret aDPLbENc0 a027.473bBAK aBaker, Sharon L.  aThe responsive public library : cby Sharon L. Baker [and] Karen L. Wallace bhow to develop and market a winning collection / b  bGreenwood Publishing Group, Inc aEnglewood c2002 bEnglewood aP.O.box no. 6633 axvii, 364p.c23cm(pbk) aIncludes appendix, bibliographical references and index  aLibraries and community aPublic librariesvCollection development aWallace, Karen L.